Multiwavelength brillouin fiber lasers /
محفوظ في:
| المؤلف الرئيسي: | |
|---|---|
| التنسيق: | أطروحة كتاب |
| اللغة: | English |
| منشور في: |
2009.
|
| الموضوعات: | |
| الوصول للمادة أونلاين: | http://studentsrepo.um.edu.my/id/eprint/4242 |
| الوسوم: |
إضافة وسم
لا توجد وسوم, كن أول من يضع وسما على هذه التسجيلة!
|
| LEADER | 01122cam a2200301 a 4500 | ||
|---|---|---|---|
| 001 | u796834 | ||
| 003 | SIRSI | ||
| 005 | 201009071201 | ||
| 008 | 100907s2009 my a t 000 0 eng m | ||
| 040 | |a UMM |d AUM |e rda | ||
| 090 | |a QC3 |b UMP 2009 Shi | ||
| 100 | 1 | |a Shirazi, Mohammadreza Rezazadeh. | |
| 245 | 1 | 0 | |a Multiwavelength brillouin fiber lasers / |c Mohammadreza Rezazadeh Shirazi. |
| 260 | |c 2009. | ||
| 300 | |a xii, 217 [26] leaves : |b ill. ; |c 30 cm. | ||
| 502 | |a Thesis (Ph.D) -- Jabatan Fizik, Fakulti Sains, Universiti Malaya, 2010. | ||
| 504 | |a Includes bibliographical references. | ||
| 650 | 0 | |a Photonics. | |
| 650 | 0 | |a Lasers. | |
| 650 | 0 | |a Optical fibers. | |
| 650 | 0 | |a Brillouin scattering. | |
| 650 | 0 | |a Wavelength division multiplexing. | |
| 710 | 2 | |a Universiti Malaya. |b Jabatan Fizik. | |
| 856 | 4 | 1 | |u http://studentsrepo.um.edu.my/id/eprint/4242 |
| 900 | |a HA-ZA | ||
| 596 | |a 1 25 | ||
| 999 | |a QC3 UMP 2009 SHI |w LC |c 1 |i A514486229 |d 8/6/2014 |e 8/6/2014 |f 17/3/2011 |g 1 |l STACKS |m P01UTAMA |n 1 |r Y |s Y |t TESIS |u 16/3/2011 | ||
| 999 | |a QC3 UMP 2009 SHI |w LC |c 1 |i A514340657 |l STACKS |m P25UMARCHI |r Y |s Y |t CD |u 9/7/2015 |1 STEM | ||
